01421nam a2200373 a 4500001001200000003000800012006001900020007001500039008004100054010001700095020002800112040002100140035002100161050002900182082001600211100003100227245010400258246001600362260005400378300001700432490003200449533015200481650004100633650003600674650003600710650003200746650003000778655002900808700001700837710001700854830003300871856012600904999001701030ebr10351465CaPaEBRm u cr cn|||||||||040212r20041959wiu s s000 1 eng  z 2004041925 z0299200647 (alk. paper) aCaPaEBRcCaPaEBR a(OCoLC)56069056814aPS3568.O84154bL4 2004eb04a813/.542221 aRoshwald, Mordecai,d1921-10aLevel 7h[electronic resource] /cMordecai Roshwald ; edited and with a new foreword by David Seed.3 aLevel seven aMadison :bUniversity of Wisconsin Press,cc2004. axlix, 210 p.1 aLibrary of American fiction aElectronic reproduction.bPalo Alto, Calif. :cebrary,d2013.nAvailable via World Wide Web.nAccess may be limited to ebrary affiliated libraries. 0aCivilization, SubterraneanvFiction. 0aLife on other planetsvFiction. 0aNuclear bomb sheltersvFiction. 0aUnderground areasvFiction. 0aNuclear warfarevFiction. 7aElectronic books.2local1 aSeed, David.2 aebrary, Inc. 0aLibrary of American fiction.40uhttp://site.ebrary.com/lib/rucke/Doc?id=10351465zAn electronic book accessible through the World Wide Web; click to view c45860d45860